000 00724nam a2200289Ia 4500
005 20260324111903.0
008 008 260324s9999 xx 000 0 eng d
020 _a9781032673967
037 _aEBOOK
040 _aCRL
040 _beng
040 _cCRL
041 _2eng
041 _aeng
084 _qCRL
100 _aBeatrice Borghi
_91140421
245 0 _aAfrican Landings
245 0 _bEgypt and Sinai as Seen by Medieval European and Arab Travellers (4th–15th Centuries)
260 _bTaylor and Francis
260 _c2025
365 _a
365 _b230
856 _uhttp://www.taylorfrancis.com/books/9781032673967
942 _cEBOOK
999 _c1729396
_d1729396